[Event "World Blitz 2015"]
[Site "Berlin GER"]
[Date "2015.10.13"]
[Round "1.29"]
[White "Sethuraman,S"]
[Black "Malakhov,V"]
[Result "0-1"]
[WhiteElo "2640"]
[BlackElo "2694"]

1.d4 g6 2.e4 Bg7 3.Nc3 d6 4.f4 Nf6 5.Nf3 O-O 6.Bd3 Na6 7.O-O c5 8.d5 Bg4
9.h3 Bxf3 10.Qxf3 Nb4 11.a4 Nd7 12.Qe2 Nxd3 13.Qxd3 Qb6 14.Kh1 Rac8 15.a5 Qa6
16.Qxa6 bxa6 17.Bd2 Rb8 18.b3 Rfc8 19.Rab1 h5 20.Rfe1 h4 21.Na4 c4 22.Be3 cxb3
23.cxb3 Rb7 24.Bf2 Bf6 25.Kg1 Rc2 26.Rec1 Rxc1+ 27.Rxc1 Rxb3 28.Rc7 Ra3 29.Rxd7 Rxa4
30.Rxa7 Rxa5 31.Be3 Ra4 32.Kf2 Rxe4 33.Rxa6 Bd4 34.Bxd4 Rxd4 35.Ra7 Kf8 36.Kf3 Rxd5
37.Ra2 Rd4 38.Ra8+ Kg7 39.Ra2 e5 40.fxe5 dxe5 41.Re2 Kf6 42.Re3 Kf5 43.Ra3 Rd3+
44.Rxd3 e4+ 45.Ke3 exd3 46.Kxd3 Kf4 47.Ke2 Kg3 48.Kf1 f5 49.Kg1 f4 50.Kh1 f3
51.Kg1 f2+ 52.Kf1 g5  0-1

[Event "World Blitz 2015"]
[Site "Berlin GER"]
[Date "2015.10.13"]
[Round "3.9"]
[White "Petrosian,TL"]
[Black "Malakhov,V"]
[Result "1-0"]
[WhiteElo "2625"]
[BlackElo "2694"]

1.Nf3 d5 2.g3 c6 3.Bg2 Bf5 4.O-O e6 5.d3 Nd7 6.Nh4 Bg6 7.Nd2 Be7 8.Nxg6 hxg6
9.e4 Ngf6 10.Qe2 Qc7 11.a4 g5 12.a5 g4 13.d4 dxe4 14.Nxe4 Nxe4 15.Bxe4 Nf6
16.a6 b6 17.Bg2 Rh5 18.c4 O-O-O 19.Rd1 Rdh8 20.Bf4 Bd6 21.Bxd6 Qxd6 22.c5 bxc5
23.dxc5 Qc7 24.b4 Rxh2 25.Rd6 Nd5 26.Qxg4 Kb8 27.Qxg7 Qe7 28.Qe5 Qc7 29.Qg7 Qe7
30.Rxc6 R2h5 31.Rd6 Qe8 32.Qd4 Qb5 33.Rxd5 exd5 34.Qf4+ Kc8 35.Qxf7 Qd7 36.Qxd7+ Kxd7
37.b5 Kc7 38.Rb1 Rb8 39.f4 Rg8 40.Kf2 d4 41.b6+ Kb8 42.c6 axb6 43.Rxb6+ Ka7
44.Rb7+ Kxa6 45.Bf1+ Ka5 46.c7 Rc8 47.Kf3 Rc5 48.Ke4 R5xc7 49.Rxc7 Rxc7 50.g4 Kb6
51.Kxd4 Kc6 52.Ke5 Kd7 53.Kf6 Ke8 54.f5 Kf8 55.Bg2 Ra7 56.Bd5 Rf7+ 57.Ke5 Re7+
58.Be6 Ra7 59.Kf6 Rf7+ 60.Ke5 Rg7 61.f6 Ra7 62.g5 Ra5+ 63.Bd5 Ra1 64.g6 Rg1
65.Kf5 Rg3 66.Be4 Rg1 67.Bf3 Kg8 68.Bg4 Kf8 69.Kg5 Kg8 70.Kf4 Kf8 71.Kg5 Kg8
72.Kh5 Rh1+ 73.Kg5 Rg1 74.Kf4 Kf8 75.Bf5 Kg8 76.Kf3 Kf8 77.Ke4 Kg8 78.Ke5 Kf8
79.Kd5 Rd1+ 80.Ke6 Re1+ 81.Kd6 Rd1+ 82.Ke5 Re1+ 83.Be4 Rg1 84.Ke6 Rg3 85.Kd6 Rg1
86.Bf5 Rg5 87.Ke5 Rg1 88.Kf4 Kg8 89.Bg4 Kf8 90.Kg5 Kg8 91.Kh4 Kf8 92.Bf5 Kg8
93.Be4 Kf8 94.Kh5 Rg3 95.Kh6 Rh3+ 96.Kg5 Rg3+ 97.Kh4 Rg1 98.Kh5 Rg3 99.Bf5 Rg1
100.Be4 Rg3 101.Bd5 Rg1 102.Kh6  1-0

[Event "World Blitz 2015"]
[Site "Berlin GER"]
[Date "2015.10.13"]
[Round "4.31"]
[White "Malakhov,V"]
[Black "Olafsson,H1"]
[Result "1-0"]
[WhiteElo "2694"]
[BlackElo "2549"]

1.Nf3 d5 2.g3 c6 3.Bg2 Nf6 4.O-O g6 5.b3 Bg7 6.Bb2 O-O 7.c4 a5 8.d3 a4 9.Nbd2 Na6
10.Qc1 Bg4 11.Re1 Re8 12.Ne5 Be6 13.Ndf3 Nd7 14.cxd5 cxd5 15.bxa4 Ndc5 16.Ng5 Qd6
17.Nxe6 Qxe6 18.Nf3 Nxa4 19.Bxg7 Kxg7 20.Qf4 Nc3 21.Qd4+ Qf6 22.Ne5 Rac8
23.f4 Red8 24.a4 Kg8 25.Ra3 Nxe2+ 26.Rxe2 Rc1+ 27.Kf2 Qd6 28.Rc3 Rxc3 29.Qxc3 d4
30.Qc4 Nc5 31.Nxf7  1-0

[Event "World Blitz 2015"]
[Site "Berlin GER"]
[Date "2015.10.13"]
[Round "5.16"]
[White "Vallejo Pons,F"]
[Black "Malakhov,V"]
[Result "1-0"]
[WhiteElo "2684"]
[BlackElo "2694"]

1.e4 e5 2.Nf3 Nc6 3.Nc3 Nf6 4.Bb5 Bd6 5.d3 O-O 6.a3 Re8 7.Bc4 Bf8 8.Ng5 Re7
9.Nd5 Nxd5 10.exd5 Nd4 11.d6 cxd6 12.Qh5 h6 13.Nxf7 Rxf7 14.Qxf7+ Kh7 15.O-O Be7
16.c3 Ne6 17.f4 Bf6 18.fxe5 dxe5 19.Bd5 Qe7 20.Qxe7 Bxe7 21.Be3 Bf6 22.d4 d6
23.dxe5 Bxe5 24.Rf7 Ng5 25.Bxg5 hxg5 26.Rf8 a5 27.Be6 Bxe6 28.Rxa8 b6 29.Rb8 Bf4
30.Re1 Bc4 31.Rxb6 d5 32.Rbe6 a4 33.g3 Bc7 34.Rc6 Bd8 35.Rxc4 dxc4 36.Re4 Bb6+
37.Kg2  1-0

[Event "World Blitz 2015"]
[Site "Berlin GER"]
[Date "2015.10.13"]
[Round "6.32"]
[White "Malakhov,V"]
[Black "Vovk,Y"]
[Result "0-1"]
[WhiteElo "2694"]
[BlackElo "2617"]

1.Nf3 Nf6 2.g3 g6 3.b3 Bg7 4.Bb2 O-O 5.Bg2 d6 6.c4 e5 7.O-O c5 8.Nc3 Nc6
9.a3 Re8 10.d3 Bd7 11.h3 a6 12.Nd2 Rb8 13.Nde4 Be6 14.Nxf6+ Bxf6 15.Nd5 Bg7
16.b4 b5 17.Bc3 Qd7 18.Kh2 Ne7 19.bxc5 dxc5 20.e4 Nc6 21.Qd2 Nd4 22.Bxd4 exd4
23.Rfc1 Bxd5 24.cxd5 Qd6 25.f4 f6 26.Rc2 g5 27.fxg5 fxg5 28.Qxg5 Kh8 29.Rf1 Rb7
30.Rf5 Be5 31.Qh5 Rbe7 32.Kh1 Bxg3 33.Bf3 Rg8 34.Rg2 c4 35.Rg5 Rxg5 36.Qxg5 Rg7
37.Qf5 c3 38.Bd1 Qe5 39.Qxe5 Bxe5 40.Rxg7 Kxg7 41.Kg2 Bd6 42.a4 bxa4 43.Bxa4 Kf6
44.Kf3 Kg5 45.Bc2 h6 46.Ba4 Be5 47.Bc2 Kf6 48.Ke2 a5 49.Ba4 Ke7 50.Kd1 Kd6
51.Kc2 Kc5 52.Kb3 Bc7 53.Be8 Kd6 54.h4 Ke5 55.h5 Kf4 56.Kc2 Kg5 57.Bf7 a4
58.Be8 a3 59.d6 Bxd6 60.Bf7 a2 61.Bxa2 Kxh5 62.Kd1 Kg4 63.Be6+ Kf3 64.Bf7 Ke3
65.Kc2 Be5 66.Be8 Kf4 67.Kd1 Kg4 68.Bd7+ Kg5 69.Ba4 h5 70.Ke2 h4 71.Bd7 Kf4
72.Kf2 c2  0-1

[Event "World Blitz 2015"]
[Site "Berlin GER"]
[Date "2015.10.13"]
[Round "7.44"]
[White "Bindrich,F"]
[Black "Malakhov,V"]
[Result "0-1"]
[WhiteElo "2594"]
[BlackElo "2694"]

1.Nf3 g6 2.c4 Bg7 3.g3 e6 4.Bg2 d5 5.O-O Ne7 6.d4 O-O 7.Nbd2 Nbc6 8.cxd5 exd5
9.e3 Bf5 10.b3 Qd7 11.Ba3 Bh3 12.Rc1 Bxg2 13.Kxg2 Rfe8 14.Ne1 Nf5 15.Qf3 Nd8
16.Nd3 Ne6 17.Nc5 Nxc5 18.Bxc5 h5 19.h3 Bh6 20.Rfe1 a5 21.Rcd1 a4 22.e4 Bxd2
23.Rxd2 axb3 24.axb3 dxe4 25.Rxe4 Rxe4 26.Qxe4 Qb5 27.g4 hxg4 28.hxg4 Re8
29.Qd5 Nd6 30.Qf3 Re1 31.Rd3 Ne4 32.Ba3 Qd5 33.Re3 Rxe3 34.fxe3 Qxb3 35.Qxe4 Qxa3
36.Qxb7 Qxe3 37.Qxc7 Qxd4 38.Qg3 Kg7 39.Qf3 Qc4 40.Kh3 Qe6 41.Qc3+ Qf6 42.Qd3 Qf2
43.Qc3+ Kh7 44.Qd3 Kh6 45.Qc4 Qe3+ 46.Kg2 f6 47.Qd5 Qe5 48.Qd3 Kg5 49.Kh3 Qf4
50.Qd5+ Kh6 51.Qd3 Qf2 52.Qc4 Qe3+ 53.Kg2 Kg5 54.Qa4 Kh4 55.Qe8  0-1

[Event "World Blitz 2015"]
[Site "Berlin GER"]
[Date "2015.10.13"]
[Round "9.44"]
[White "Grigoriants,S RUS"]
[Black "Malakhov,V"]
[Result "0-1"]
[WhiteElo "2603"]
[BlackElo "2694"]

1.e4 g6 2.d4 Bg7 3.Nf3 d6 4.Bc4 Nf6 5.Qe2 O-O 6.O-O c6 7.Bb3 a5 8.a4 Bg4
9.Nbd2 Nbd7 10.h3 Bxf3 11.Nxf3 e5 12.dxe5 dxe5 13.Be3 Nxe4 14.Rad1 Qe7 15.Rfe1 Nec5
16.Bxc5 Nxc5 17.Nxe5 Nxb3 18.cxb3 Rfe8 19.f4 Qc5+ 20.Qf2 Qb4 21.Qf3 Rad8
22.Kh1 Rxd1 23.Rxd1 Bxe5 24.fxe5 Rxe5 25.Qf6 Re1+ 26.Rxe1 Qxe1+ 27.Kh2 Qd1
28.Qc3 Qd5 29.g4 h5 30.gxh5 Qxh5 31.b4 Qe2+ 32.Kg3 axb4 33.Qxb4 Qe3+ 34.Kg2 b6
35.Qc4 Qd2+ 36.Kg3 c5 37.b3 Kg7 38.Qb5 Qd6+ 39.Kg2 f5 40.a5 Qd2+ 41.Kf3 Qxa5
42.Qd3 Qa7 43.Kf4 Qc7+ 44.Kg5 Qe7+ 45.Kf4 Kh6 46.Kf3 Kh5 47.Kg3 Qe5+ 48.Kf2 Qd4+  0-1

[Event "World Blitz 2015"]
[Site "Berlin GER"]
[Date "2015.10.13"]
[Round "10.34"]
[White "Malakhov,V"]
[Black "Postny,E"]
[Result "1/2-1/2"]
[WhiteElo "2694"]
[BlackElo "2658"]

1.Nf3 d5 2.g3 c6 3.Bg2 Bg4 4.c4 e6 5.cxd5 Bxf3 6.Bxf3 cxd5 7.O-O Nc6 8.d4 Nf6
9.e3 Bd6 10.Nc3 O-O 11.Bd2 Rc8 12.Rc1 a6 13.Bg2 b5 14.Ne2 Qb6 15.Nf4 Bxf4
16.gxf4 Ne4 17.Be1 a5 18.Qd3 Nd6 19.Qb1 Ne7 20.b3 Nef5 21.Bd2 Nh4 22.Rxc8 Rxc8
23.Bh1 b4 24.Rc1 Qa6 25.Rxc8+ Qxc8 26.Qc1 Qxc1+ 27.Bxc1 Ne4 28.Kf1 Nc3 29.a3 bxa3
30.Bxa3 a4 31.bxa4 Nxa4 32.Be7 Nf5 33.Bd8 Nc3 34.Bf3 Ne4 35.Be2 f6 36.Ba5 Kf7
37.Bh5+ g6 38.Bd1 g5 39.fxg5 fxg5 40.Ba4 g4 41.Bd8 Nd2+ 42.Kg2 Nf3 43.Bd1 Ne1+
44.Kf1 Nf3 45.Kg2 Ke8 46.Bf6 Kf7 47.Bd8 Ke8 48.Bf6 Kf7 49.Bd8  1/2-1/2

[Event "World Blitz 2015"]
[Site "Berlin GER"]
[Date "2015.10.14"]
[Round "12.35"]
[White "Malakhov,V"]
[Black "Bologan,V"]
[Result "1/2-1/2"]
[WhiteElo "2694"]
[BlackElo "2607"]

1.e4 c6 2.d3 d5 3.Nd2 e5 4.Ngf3 Bd6 5.d4 exd4 6.exd5 Nf6 7.dxc6 Nxc6 8.Be2 O-O
9.O-O Re8 10.Re1 Bc7 11.Nb3 Bb6 12.Bg5 Bf5 13.Bd3 Rxe1+ 14.Nxe1 Be6 15.Nd2 h6
16.Bh4 Bc5 17.Nef3 Be7 18.a3 Nd7 19.Bxe7 Qxe7 20.Qf1 Nc5 21.Re1 Qc7 22.Bc4 Bf5
23.Nb3 Nxb3 24.Bxb3 Rd8 25.Qc4 d3 26.cxd3 Bxd3 27.Qc3 Qa5 28.Qc1 Qf5 29.h3 a6
30.Qe3 Bc2 31.Ba2 Qd3 32.Qb6 Qd7 33.Qc5 Bg6 34.Ne5 Nxe5 35.Qxe5 Rc8 36.Kh2 Qc7
37.Qxc7 Rxc7 38.Re2 Rd7 39.g4 h5 40.Kg3 hxg4 41.hxg4 Kf8 42.f3 f6 43.Bc4  1/2-1/2

[Event "World Blitz 2015"]
[Site "Berlin GER"]
[Date "2015.10.14"]
[Round "13.37"]
[White "Khismatullin,D"]
[Black "Malakhov,V"]
[Result "0-1"]
[WhiteElo "2651"]
[BlackElo "2694"]

1.g3 d5 2.Bg2 c6 3.d3 e5 4.Nd2 Nf6 5.b3 Bd6 6.Bb2 O-O 7.e3 Qe7 8.a3 a5 9.Ne2 Na6
10.O-O Bd7 11.h3 Rae8 12.Qb1 h5 13.c4 Nc5 14.Qc2 e4 15.dxe4 Nfxe4 16.b4 axb4
17.axb4 Na6 18.c5 Be5 19.Nxe4 dxe4 20.Bc3 Bxc3 21.Qxc3 Nc7 22.Nf4 h4 23.Rad1 Bc8
24.Rd2 hxg3 25.fxg3 Qg5 26.Kh2 Nb5 27.Qc4 Be6 28.Nxe6 Rxe6 29.Rd7 Rf6 30.Rxf6 Qxf6
31.Rxb7 Nc3 32.h4 Re8 33.Bh3 Nd5 34.Qe2 Qc3 35.Qf2 Rf8 36.b5 cxb5 37.Rxf7 Rxf7
38.Be6 Nf6 39.Qf4 Qxc5 40.Qb8+ Qf8 41.Qxb5 Kh8 42.Bxf7 Qxf7 43.Qf5 Qc4 44.Kh3 Qc1
45.g4 Qxe3+ 46.Kg2 Qd2+ 47.Kg3 e3 48.Qc8+ Ng8 49.Qf5 e2 50.Qh5+ Nh6 51.Qe8+ Kh7
52.Qe4+ Kh8 53.Qe8+ Ng8 54.Qh5+ Qh6 55.Qe5 Qd2 56.Qh5+ Nh6 57.Qe8+ Kh7 58.Qe4+ g6
59.Qe7+ Kg8 60.Qe8+ Kg7 61.Qe5+ Kf7 62.Qc7+ Ke6 63.Qc8+ Ke5 64.Qc5+ Ke4 65.Qc6+ Kd4
66.Qd6+ Kc3 67.Qa3+ Kc4 68.Qa6+ Kb3 69.Qb5+ Ka2 70.Qa4+ Kb2 71.Qb5+ Kc1 72.Qc5+ Kd1  0-1

[Event "World Blitz 2015"]
[Site "Berlin GER"]
[Date "2015.10.14"]
[Round "14.28"]
[White "Malakhov,V"]
[Black "Ganguly,S"]
[Result "1/2-1/2"]
[WhiteElo "2694"]
[BlackElo "2652"]

1.e4 e6 2.d4 d5 3.Nd2 c5 4.Ngf3 cxd4 5.Nxd4 Nf6 6.exd5 Nxd5 7.N2f3 Bb4+ 8.Bd2 O-O
9.Be2 Re8 10.c4 e5 11.cxd5 Bxd2+ 12.Qxd2 exd4 13.O-O Qxd5 14.Qxd4 Qxd4 15.Nxd4 Nc6
16.Bb5 Bd7 17.Bxc6 Bxc6 18.Nxc6 bxc6 19.Rfe1 g6 20.Kf1 Kg7 21.Rxe8 Rxe8 22.Rc1 Rb8
23.b3 Rb6 24.Rc4 Ra6 25.a4 Kf6 26.Ke2 h5 27.Kd3 Ke5 28.Re4+ Kd6 29.Rd4+ Ke6
30.Kc4 Ra5 31.Rd8 Rf5 32.f3 h4 33.Rh8 Rg5 34.Rxh4 Rxg2 35.Kc5 Rc2+ 36.Rc4 Rxh2
37.Kxc6 Rh3 38.Re4+ Kf5 39.Re7 f6 40.Rxa7 Rxf3 41.Rb7 g5 42.a5 Rc3+ 43.Kd7 g4
44.a6 Rc1 45.Rb5+ Kf4 46.Ra5 Rd1+ 47.Ke7 Re1+ 48.Kf7 g3 49.Ra2 g2 50.Rxg2 Ra1
51.Rg6 Rxa6 52.Rxf6+ Rxf6+ 53.Kxf6 Ke4 54.Ke6 Kd4  1/2-1/2

[Event "World Blitz 2015"]
[Site "Berlin GER"]
[Date "2015.10.14"]
[Round "15.26"]
[White "Bartel,Mat"]
[Black "Malakhov,V"]
[Result "0-1"]
[WhiteElo "2622"]
[BlackElo "2694"]

1.g3 d5 2.Bg2 c6 3.d3 Nf6 4.f4 g6 5.Nf3 Bg7 6.O-O O-O 7.c3 Bg4 8.Ne5 Be6
9.Nd2 Nbd7 10.d4 Bf5 11.e3 h5 12.Qe2 Ne4 13.Nxe4 dxe4 14.Nxd7 Qxd7 15.b3 Bh3
16.Ba3 Rfe8 17.Rad1 Bxg2 18.Kxg2 a5 19.f5 a4 20.Bb4 axb3 21.axb3 Ra6 22.Rf4 Rea8
23.Rd2 Bh6 24.Rxe4 Qd5 25.Qf3 Ra2 26.Rxa2 Rxa2+ 27.Kh3 gxf5 28.Rf4 Bxf4 29.Qxf4 f6  0-1

[Event "World Blitz 2015"]
[Site "Berlin GER"]
[Date "2015.10.14"]
[Round "16.20"]
[White "Malakhov,V"]
[Black "Perunovic,Mil"]
[Result "1-0"]
[WhiteElo "2694"]
[BlackElo "2622"]

1.e4 c5 2.Nf3 e6 3.g3 d5 4.exd5 exd5 5.d4 Nc6 6.Bg2 Bg4 7.O-O cxd4 8.h3 Bxf3
9.Qxf3 Nf6 10.Bg5 Be7 11.Bxf6 Bxf6 12.Re1+ Ne7 13.Qxd5 Qxd5 14.Bxd5 O-O 15.Be4 Rac8
16.Nd2 b6 17.Kg2 g6 18.Rad1 Rfd8 19.Nf3 Nc6 20.a3 Na5 21.Nd2 Nc4 22.Nxc4 Rxc4
23.Bd3 Rc5 24.Re4 h5 25.Rde1 Kf8 26.a4 Rc7 27.Rf4 Kg7 28.b3 Re7 29.Rfe4 Rxe4
30.Rxe4 Kf8 31.Bb5 Rc8 32.Bc4 Re8 33.Rf4 Kg7 34.Kf1 a5 35.h4 Re7 36.Kg2 Be5
37.Rf3 f5 38.Rd3 Bf6 39.Rd1 Re8 40.Rb1 Be7 41.Re1 Kf8 42.Re6 Bc5 43.Rxg6 Re5
44.Rg5  1-0

[Event "World Blitz 2015"]
[Site "Berlin GER"]
[Date "2015.10.14"]
[Round "17.16"]
[White "Kasimdzhanov,R"]
[Black "Malakhov,V"]
[Result "1/2-1/2"]
[WhiteElo "2704"]
[BlackElo "2694"]

1.e4 g6 2.d4 Bg7 3.Nc3 d6 4.Nf3 Nf6 5.Be2 O-O 6.O-O a6 7.Bg5 Nc6 8.d5 Nb8
9.Qd2 c6 10.dxc6 Nxc6 11.Rad1 Be6 12.Bh6 Rc8 13.Bxg7 Kxg7 14.Rfe1 Bg4 15.Nd4 Nxd4
16.Bxg4 Nxg4 17.Qxd4+ Kg8 18.f4 e5 19.fxe5 dxe5 20.Qxd8 Rfxd8 21.Rxd8+ Rxd8
22.Nd5 Kg7 23.c4 Nf6 24.Kf2 Rc8 25.b3 b5 26.Nxf6 Kxf6 27.Rc1 Ke6 28.c5 b4
29.Ke3 f5 30.g3 h5 31.Rc4 a5 32.h3 Kd7 33.exf5 gxf5 34.Kf3 Kc6 35.g4 hxg4+
36.hxg4 fxg4+ 37.Kxg4 Rf8 38.Kg3 Rf1 39.Kg2 Rf4 40.Rc2 e4 41.Rc4 Rf5 42.Rxe4 Rxc5
43.Kf3 Kb5 44.Ke3 Rc2 45.Re5+ Kb6 46.Re6+ Kc7 47.Kd3 Rxa2 48.Kc4 a4  1/2-1/2

[Event "World Blitz 2015"]
[Site "Berlin GER"]
[Date "2015.10.14"]
[Round "18.16"]
[White "Malakhov,V"]
[Black "Gajewski,G"]
[Result "0-1"]
[WhiteElo "2694"]
[BlackElo "2654"]

1.e4 c5 2.Nf3 e6 3.g3 Nc6 4.Bg2 Nf6 5.d3 Be7 6.O-O O-O 7.Nbd2 d6 8.c3 Rb8
9.d4 cxd4 10.cxd4 d5 11.e5 Ne4 12.Nb3 a5 13.Be3 a4 14.Nbd2 Nxd2 15.Qxd2 Na5
16.Bf4 Qb6 17.Rab1 Bd7 18.Bg5 Nc4 19.Qf4 Bxg5 20.Qxg5 Rfc8 21.h4 h6 22.Qf4 Nxb2
23.g4 a3 24.g5 h5 25.g6 fxg6 26.Qg3 Be8 27.Ng5 Qxd4 28.Bh3 Bd7 29.Qxa3 Nd3
30.Nxe6 Bxe6 31.Bxe6+ Kh7 32.Qe7 Qxe5 33.Rbe1 Nxe1  0-1

[Event "World Blitz 2015"]
[Site "Berlin GER"]
[Date "2015.10.14"]
[Round "19.21"]
[White "Safarli,E"]
[Black "Malakhov,V"]
[Result "0-1"]
[WhiteElo "2657"]
[BlackElo "2694"]

1.e4 g6 2.d4 Bg7 3.Nc3 d6 4.f4 Nf6 5.Nf3 O-O 6.Bd3 Na6 7.O-O c5 8.d5 Bg4
9.a3 Nc7 10.a4 b6 11.h3 Bxf3 12.Qxf3 a6 13.Bc4 Nd7 14.Qe2 Qb8 15.Kh1 Qb7
16.Ra3 Bxc3 17.Rxc3 b5 18.Ba2 c4 19.h4 Nc5 20.h5 e6 21.f5 exf5 22.exf5 Nxd5
23.Rg3 Rae8 24.Qf3 Nb4 25.Qxb7 Nxb7 26.Bb1 Re4 27.c3 Rh4+ 28.Kg1 Nd3 29.Bxd3 cxd3
30.Bh6 Re8 31.fxg6 hxg6 32.hxg6 fxg6 33.Bd2 Re2 34.Bg5 Rxa4 35.Bf6 d2 36.Rxg6+ Kh7
37.Rg7+ Kh6 38.Rg3 Nc5 39.Bg5+ Kh5 40.Bf4 Ne4 41.Rh3+ Kg4 42.Bh6 Re1 43.Rd3 Rxf1+
44.Kxf1 Ra1+  0-1

[Event "World Blitz 2015"]
[Site "Berlin GER"]
[Date "2015.10.14"]
[Round "20.17"]
[White "Malakhov,V"]
[Black "Ivanisevic,I"]
[Result "1/2-1/2"]
[WhiteElo "2694"]
[BlackElo "2653"]

1.e4 c5 2.Nf3 e6 3.g3 Nc6 4.Bg2 h5 5.h3 Be7 6.c3 h4 7.g4 Nf6 8.d3 d5 9.e5 Nd7
10.d4 b5 11.Be3 a5 12.O-O Ba6 13.Re1 b4 14.Nbd2 bxc3 15.bxc3 cxd4 16.cxd4 Nb4
17.Nb3 Nd3 18.Re2 a4 19.Nbd2 Nb2 20.Qc2 Bxe2 21.Qxb2 O-O 22.g5 Qb6 23.Qc1 Rfc8
24.Qe1 Bd3 25.Nxh4 Rc2 26.Qd1 Qb2 27.Nhf3 Rac8 28.Kh2 Qc3 29.Ne1 Rb2 30.Nxd3 Qxd3
31.Qxa4 Nb6 32.Qa7 Bf8 33.a4 Ra8 34.Qc7 Rxa4 35.Rxa4 Nxa4 36.Nf3 Nc3 37.Qc8 Qc4
38.Qd8 Ne4 39.g6 fxg6 40.Nh4 Kf7 41.Qd7+ Be7 42.Nxg6 Kxg6 43.Qxe7 Qa6 44.Qe8+ Kh7
45.Qh5+ Kg8 46.Qe8+ Kh7 47.Qh5+ Kg8 48.Qe8+ Kh7  1/2-1/2

[Event "World Blitz 2015"]
[Site "Berlin GER"]
[Date "2015.10.14"]
[Round "21.17"]
[White "Dubov,Daniil"]
[Black "Malakhov,V"]
[Result "0-1"]
[WhiteElo "2661"]
[BlackElo "2694"]

1.d4 d5 2.c4 c6 3.Nf3 Nf6 4.Qc2 g6 5.Bf4 dxc4 6.Qxc4 Bg7 7.e3 O-O 8.Be2 Be6
9.Qc2 Bf5 10.Qc1 Nbd7 11.Nc3 c5 12.O-O Rc8 13.d5 Nb6 14.Rd1 Nbxd5 15.Nxd5 Nxd5
16.Be5 Bxe5 17.Nxe5 Qd6 18.Nf3 Qc6 19.Ng5 Nf6 20.Bf3 Qc7 21.e4 Bg4 22.Bxg4 Nxg4
23.Nf3 Rfd8 24.Qg5 Rxd1+ 25.Rxd1 Rd8 26.Re1 Nf6 27.e5 Nd5 28.Qh6 f6 29.h4 Qc8
30.e6 Qc7 31.Rd1 Nb4 32.Rf1 Rd5 33.a3 Nc6 34.Qe3 Qd6 35.Qb3 b6 36.Re1 Kg7
37.Qa4 h5 38.Qe4 Nd4 39.Nxd4 Rxd4 40.Qf3 Rxh4 41.g3 Rd4 42.Qb7 a5 43.Qc8 Rd1
44.Rxd1 Qxd1+ 45.Kg2 Qd6 46.Qd7 c4 47.Kf3 f5 48.Qc8 Kf6 49.Qxc4 Qxe6 50.Qd4+ Kf7
51.Kf4 Qd6+  0-1

[Event "Vladimir Petrov Mem 2016"]
[Site "Jurmala LAT"]
[Date "2016.03.05"]
[Round "1.4"]
[White "Malakhov,V"]
[Black "Valgmae,Toomas"]
[Result "1-0"]
[WhiteElo "2691"]
[BlackElo "2226"]

1.e4 d6 2.d4 Nf6 3.Nc3 g6 4.Nf3 Bg7 5.Be2 O-O 6.O-O Bg4 7.h3 Bxf3 8.Bxf3 e5
9.d5 Nbd7 10.a4 a5 11.Nb5 Nc5 12.Re1 Nfd7 13.c3 f5 14.b4 Nxe4 15.Bxe4 fxe4
16.Rxe4 Nf6 17.Bg5 h6 18.Bxf6 Bxf6 19.Na3 Qd7 20.Nc4 axb4 21.cxb4 b5 22.Na5 bxa4
23.Rxa4 Bg5 24.Ra3 Qf5 25.Qc2 Rf7 26.Rf3 Qd7 27.Rc4 Rxf3 28.Rxc7 Qf5 29.gxf3 Qxc2
30.Rxc2 Rb8 31.Rb2 Rb5 32.Nc4 Be7 33.Na3 Rxd5 34.b5 Bd8 35.b6 Kf7 36.Kg2 Rd3
37.b7 Bc7 38.Rc2 Bb8 39.Rc8 Ba7 40.Nb5  1-0

[Event "Vladimir Petrov Mem 2016"]
[Site "Jurmala LAT"]
[Date "2016.03.05"]
[Round "2.3"]
[White "Kollars,Dmitrij"]
[Black "Malakhov,V"]
[Result "0-1"]
[WhiteElo "2445"]
[BlackElo "2691"]

1.e4 g6 2.d4 Bg7 3.Nc3 d6 4.f4 Nf6 5.Nf3 O-O 6.Bd3 Na6 7.O-O c5 8.d5 Bg4
9.Bc4 Nc7 10.h3 Bxf3 11.Qxf3 Nd7 12.Qd3 Nb6 13.a4 Nxc4 14.Qxc4 Qd7 15.Nb5 Ne8
16.a5 Nf6 17.Be3 Nxe4 18.a6 f5 19.c3 Rfb8 20.Rfb1 bxa6 21.Na3 a5 22.Qa2 Qb7
23.Qc4 a4 24.Qd3 Nf6 25.Rd1 Nd7 26.Nc4 Qb5 27.Bc1 Nb6 28.Na3 Qxd3 29.Rxd3 Rb7
30.Kf2 Kf7 31.Ke2 a6 32.g4 fxg4 33.hxg4 h5 34.gxh5 gxh5 35.Be3 Bf6 36.Bf2 Rg8
37.Rh1 h4 38.Kf3 Rh8 39.Kg4 Rbb8 40.Rhh3 Rbg8+ 41.Kf3 Rh5  0-1

[Event "Vladimir Petrov Mem 2016"]
[Site "Jurmala LAT"]
[Date "2016.03.05"]
[Round "3.3"]
[White "Malakhov,V"]
[Black "Ehlvest,J"]
[Result "1-0"]
[WhiteElo "2691"]
[BlackElo "2524"]

1.e4 c6 2.d4 d5 3.e5 Bf5 4.Nf3 e6 5.Be2 Ne7 6.O-O Nd7 7.Nbd2 h6 8.Nb3 Qc7
9.Bd2 a5 10.a4 Nc8 11.Rc1 Be7 12.Qe1 O-O 13.h3 Ncb6 14.Bxa5 Qb8 15.Bxb6 Nxb6
16.a5 Na4 17.Bd3 Nxb2 18.Bxf5 exf5 19.Qc3 Nc4 20.Nfd2 Na3 21.Qd3 Qc8 22.Ra1 Qe6
23.Rfe1 Rfd8 24.Ra2 Nc4 25.Qc3 b5 26.Rea1 Ra6 27.Nf3 Rda8 28.Ne1 f4 29.Qf3 g5
30.Nd3 Qg6 31.c3 Bf8 32.Nb4 R6a7 33.h4 Be7 34.Qg4 h5 35.Qf3 gxh4 36.Qxf4 Kh7
37.Kh2 Rg8 38.Rg1 f6 39.Nxc6 fxe5 40.Nxe5 Nxe5 41.dxe5 Bg5 42.Qf3 Rf7 43.Qh3 Bf4+
44.Kh1 Bxe5 45.a6 Rgg7 46.Re2 Bb8 47.Re6 Qg4 48.Qxg4 hxg4 49.Nd4 Ba7 50.Rf1 b4
51.Nb5 bxc3 52.Nxc3 Bxf2 53.Nxd5 Bd4 54.Rxf7 Rxf7 55.Re7 Kg7 56.Rxf7+ Kxf7
57.Nb4 Ke6 58.Nc6 Bb6 59.a7 Bxa7 60.Nxa7 Kf5 61.Kh2 Ke4 62.Nc6 Kf4 63.Ne7  1-0

[Event "Vladimir Petrov Mem 2016"]
[Site "Jurmala LAT"]
[Date "2016.03.05"]
[Round "4.1"]
[White "Lintchevski,D"]
[Black "Malakhov,V"]
[Result "1/2-1/2"]
[WhiteElo "2561"]
[BlackElo "2691"]

1.Nf3 d5 2.d4 Nf6 3.c4 c6 4.e3 Bf5 5.Nc3 e6 6.Nh4 Be4 7.f3 Bg6 8.Nxg6 hxg6
9.g3 Nbd7 10.Kf2 Be7 11.Kg2 a6 12.cxd5 cxd5 13.Qb3 Qb6 14.Bd2 Rc8 15.Be2 O-O
16.Rhc1 Rc6 17.Na4 Qxb3 18.axb3 Rfc8 19.Rxc6 Rxc6 20.Rc1  1/2-1/2

[Event "Vladimir Petrov Mem 2016"]
[Site "Jurmala LAT"]
[Date "2016.03.05"]
[Round "5.4"]
[White "Malakhov,V"]
[Black "Schlosser,P"]
[Result "1/2-1/2"]
[WhiteElo "2691"]
[BlackElo "2570"]

1.e4 c5 2.Nf3 e6 3.g3 Nc6 4.Bg2 Nf6 5.d3 Be7 6.O-O O-O 7.Re1 d6 8.c3 Bd7
9.d4 cxd4 10.cxd4 d5 11.e5 Ne4 12.Nbd2 Nxd2 13.Bxd2 Rc8 14.h4 Qb6 15.Bc3 Bb4
16.h5 h6 17.g4 f6 18.Qd2 Be7 19.exf6 Rxf6 20.Nh4 Bd6 21.Ng6 Be8 22.Qd3 Bxg6
23.hxg6 Ne7 24.Bd2 Nxg6 25.g5 hxg5 26.Bxg5 Rf5 27.Bd2 Bf4 28.Bh3 Rf6 29.Ba5 Qd6
30.Bb4 Qd7 31.Bg4 Bb8 32.Bd2 Nf4 33.Bxf4 Bxf4 34.Re2 Rc6 35.Rae1 Qf7 36.f3 Rh6
37.Rc2 Bc7 38.Rxc6 bxc6 39.Qe3 e5 40.Qg5 Qf6 41.Qxf6 gxf6 42.Rc1 Bb6 43.Rxc6 Bxd4+
44.Kg2 Bxb2  1/2-1/2

[Event "Vladimir Petrov Mem 2016"]
[Site "Jurmala LAT"]
[Date "2016.03.05"]
[Round "6.4"]
[White "Meskovs,N"]
[Black "Malakhov,V"]
[Result "0-1"]
[WhiteElo "2469"]
[BlackElo "2691"]

1.d4 g6 2.c4 Bg7 3.Nf3 d6 4.Nc3 Bg4 5.e3 Nd7 6.Be2 Ngf6 7.h3 Bxf3 8.Bxf3 c6
9.b4 O-O 10.O-O Nb6 11.c5 Nbd5 12.Nxd5 Nxd5 13.Bxd5 cxd5 14.Qb3 e6 15.a4 Qd7
16.Ba3 Rfc8 17.Rac1 dxc5 18.dxc5 a6 19.Rc2 e5 20.Rd1 d4 21.Bb2 Rd8 22.exd4 exd4
23.Rcd2 Qe8 24.Bxd4 Bxd4 25.Rxd4 Rxd4 26.Rxd4 Qe1+ 27.Kh2 Qe5+  0-1

[Event "Vladimir Petrov Mem 2016"]
[Site "Jurmala LAT"]
[Date "2016.03.06"]
[Round "7.1"]
[White "Malakhov,V"]
[Black "Van Wely,L"]
[Result "1/2-1/2"]
[WhiteElo "2691"]
[BlackElo "2653"]

1.c4 c6 2.Nf3 d5 3.e3 Nf6 4.d4 e6 5.b3 Nbd7 6.Bd3 Bb4+ 7.Nbd2 e5 8.dxe5 Bc3
9.Rb1 Nxe5 10.Nxe5 Bxe5 11.O-O O-O 12.Nf3 Bc7 13.Bb2 Bg4 14.h3 Bh5 15.Qc2 Ne4
16.cxd5 cxd5 17.Bxe4 dxe4 18.Qc3 f6 19.Nd4 Qd6 20.g3 Qd7 21.Kh2 Rac8 22.Qc4+ Rf7
23.Qe6 Be5 24.Rbc1 Re8 25.Qxd7 Rxd7 26.Rc2 a6 27.Rfc1 Kf7 28.b4 Red8 29.Kg2 Bxd4
30.Bxd4 Bf3+ 31.Kg1 Rd5 32.Rc5 Ke6 33.g4 h5 34.gxh5 Bxh5 35.Kg2 Bf3+ 36.Kg3 Rxc5
37.bxc5 Rd5 38.h4 Kd7 39.Kh3 Ke8 40.Rb1 Rd7 41.Rb6 Kf7 42.Kg3 Kg6 43.a4 Kf5
44.a5 Rc7 45.Kh3 Kg6 46.Kh2 Kh5 47.Kg3 Kg6 48.Kf4 Kh5 49.Kf5 Kxh4 50.Ke6 Bg4+
51.Kd5 Kg5 52.Kxe4 Bd7 53.Rb2 Bc6+ 54.Kd3  1/2-1/2

[Event "Vladimir Petrov Mem 2016"]
[Site "Jurmala LAT"]
[Date "2016.03.06"]
[Round "8.3"]
[White "Piorun,K"]
[Black "Malakhov,V"]
[Result "1-0"]
[WhiteElo "2655"]
[BlackElo "2691"]

1.e4 e5 2.Nf3 Nc6 3.Bb5 Nf6 4.Nc3 Bd6 5.Bxc6 dxc6 6.d3 Nd7 7.Be3 c5 8.Qd2 Nf8
9.Ne2 Ne6 10.c3 O-O 11.Ng3 b6 12.Nf5 Bb7 13.b3 a5 14.a4 Re8 15.g3 Qd7 16.h4 Rad8
17.h5 f6 18.Rh4 Bf8 19.Rd1 Nd4 20.cxd4 cxd4 21.Bxd4 exd4 22.Kf1 c5 23.Rg4 Qe6
24.Rb1 Rd7 25.N3h4 Rc7 26.Qf4 Qe5 27.Qf3 Bc8 28.Kg2 Bxf5 29.Nxf5 Rb8 30.Qe2 Qe6
31.Qc2 b5 32.axb5 Rxb5 33.Nxd4 Qxg4 34.Nxb5 Rb7 35.Qc4+ Kh8 36.Rh1 h6 37.Nc3 Qd7
38.Nd5 Qb5 39.Ra1 Bd6 40.Ra2 Be5 41.Ne3 Bc7 42.Ra3 Be5 43.Nd5 Bd4 44.Qxb5 Rxb5
45.Nc7 Rb6 46.Rxa5 Rxb3 47.Ra8+ Kh7 48.Ne6 g5 49.hxg6+ Kxg6 50.Ra7 f5 51.Nf4+ Kf6
52.Ra6+ Kf7 53.exf5 Rb2 54.Rxh6 Rxf2+ 55.Kh3 Be3 56.Rh4 Bc1 57.Nd5 Rxf5 58.Nc3 Rf3
59.Ne4 Rxd3 60.Nxc5 Rd6 61.Rc4 Be3 62.Ne4 Rd4 63.Rc7+ Ke6 64.Nc3 Rd3 65.Kg2 Bd4
66.Ne2 Be5 67.Rc2 Rb3 68.g4 Rb2 69.Nf4+ Kf7 70.Rxb2 Ke8  1-0

[Event "Vladimir Petrov Mem 2016"]
[Site "Jurmala LAT"]
[Date "2016.03.06"]
[Round "9.4"]
[White "Malakhov,V"]
[Black "Shabalov,A"]
[Result "1/2-1/2"]
[WhiteElo "2691"]
[BlackElo "2520"]

1.e4 c5 2.Nf3 e6 3.d4 cxd4 4.Nxd4 a6 5.Bd3 b6 6.O-O Bb7 7.c4 Nc6 8.Nf3 Nge7
9.Nc3 Ng6 10.Be3 Bc5 11.Qd2 O-O 12.Rad1 Qc7 13.Rfe1 Rad8 14.Bf1 Rfe8 15.h3 f6
16.a3 Nge5 17.Qe2 Na5 18.Nd2 Rb8 19.b4 Bxe3 20.Qxe3 Nac6 21.Nb3 Nf7 22.Rd2 Nce5
23.c5 b5 24.Red1 Red8 25.a4 Bc6 26.axb5 axb5 27.Nd4 Nc4 28.Bxc4 bxc4 29.b5 Ba8
30.c6 Qc8 31.cxd7 Rxd7 32.Qg3 Rd8 33.Nxe6 Qxe6 34.Rxd8+ Rxd8 35.Rxd8+ Nxd8
36.Qb8 Bxe4 37.Qxd8+ Kf7 38.Qc7+ Kg6 39.b6 Ba8 40.Kh2 Qe5+ 41.Qxe5 fxe5 42.Nb5 Bc6
43.Kg3 Kf6 44.f3 Ke7 45.Kf2 Kd7 46.Nc3 Kc8  1/2-1/2